=LDR 00000nam 2200000 4500 =001 INLIS000000000014209 =005 20130612105506 =008 ***********************************Ind** =035 ##$$0010-061300000014209 =041 ##$$a Ind =082 ##$$a F 813 =090 ##$$a F 813, Neg s =100 ##$$a Negara, Nengah =245 ##$$a Suster Rahma, Nengah Negara =260 ##$$a 2001 $b (s.l) =300 ##$$a 84 hlm, Ilus, 20 cm =650 ##$$a Fiksi Indonesia =850 ##$$a NBPNMAT